LEADER 01041nam a2200241 4500 001 000000332244 003 CaOOAMICUS 005 20190124094024.0 008 190123s1988 fr 000 u fre r 040 $aSeMil$bita 100 1 $aAerens, Luc <1948- >.$0(OLS)http://semarc/name/93656 245 10$aVivre les sacrements avec des enfants /$cLuc Aerens. 264 1$aBruxelles :$bLumen Vitae,$c1988. 300 $a94 p. ;$c23 cm 490 1 $aDossier de pe?dagogie cate?che?tique ;$v1 650 4$aSacramenti - Catechesi.$0(OLS)http://semarc/subject/3571 650 4$aPedagogia catechistica.$0(OLS)http://semarc/subject/26147 830 0$aDossier de pédagogie catéchétique ;$v1.$0(OLS)http://semarc/title/20707 850 $aSeMil 852 $aSeMil$W1$xVenegono$y1$m2C III 660$j210242$B224257$CSeMilBibl$Z2$F224257 $81 996 $6245$aVivre les sacrements avec des enfants$9(OLS)http://semarc/title/421022 996 $6264$aBruxelles :$bLumen Vitae$9(OLS)http://semarc/publisher/29943 LEADER 00977nam a2200217 i 4500 001 000000179506 003 CaOOAMICUS 005 20250902100247.0 008 090515s1978 xxk u000 u mul u 040 $aSeMil$bita 245 10$a4: Jewish antiquities :$bbooks 1.-4. /$cwith an english transaltion by H. St. J. Thackeray. 300 $aXX, 648 p. 490 1 $aThe Loeb Classical Library ;$v242 700 1 $aThackeray, Henry St. John,$d<1869-1930>.$0(OLS)http://semarc/name/9144 773 0 $aIosephus, Flavius $tJosephus.$dCambridge, Massachusetts : Harvard University Press ; London : Heinemann, 1956-1988.$g4$w()20404 830 4$aThe Loeb Classical Library ;$v242.$0(OLS)http://semarc/title/26868 850 $aSeMil 852 $aSeMil$W1$xVenegono$y1$m1Y III 3/1$j261221$B130268$CSeMilBibl$Z2$F141737 $81 961 $aOmaggio: Villa don Cesare 996 $6245$a4: Jewish antiquities :$bbooks 1.-4.$9(OLS)http://semarc/title/257721